000 00591nam a2200193Ia 4500
003 GCL
008 140319s9999 xx 000 0 ara d
040 _aGCL /
_cGCL
082 0 4 _a210
_bع ا
100 1 _aعبدالكريم زيدان
245 1 0 _aاصول الدعوة /
_cعبدالكريم زيدان
260 _a[S.N] :
_bدار الوفاء للطباعة والنشر والتوزيع ،
_c1992
300 _a515 ص
490 _a
650 0 4 _aالاسلام
650 0 4 _aالشريعة الاسلامية
650 0 4 _aالدعوة الاسلامية
942 _2ddc
_cBK
999 _c53078
_d53078